LEADER 01329nam--2200361---450- 001 990003289670203316 005 20090706120239.0 010 $a978-88-387-5132-3 035 $a000328967 035 $aUSA01000328967 035 $a(ALEPH)000328967USA01 035 $a000328967 100 $a20090706d2009----km-y0itay50------ba 101 $aita 102 $aIT 105 $a||||||||001yy 200 1 $a<> cooperative edilizie$egli aspetti civilistici: costituzione, mutualitą e soci della cooperativa, la governance, i profili patrimoniali, gli obblighi contabili ed il bialncio, la disciplina fiscale: Ires, Irap, Iva e imposte indirette$fSebastiano Di Diego, ...[et al.] 210 $aSantarcangelo di Romagna$cMaggioli$d2009 215 $a241 p.$d24 cm$e1 cd-rom 225 2 $aProfessionisti & imprese$iSocietą$v131 410 0$12001$aProfessionisti & Imprese$iLavoro$v24 606 0 $aCooperative edilizie$xLegislazione$2BNCF 676 $a347.457 801 0$aIT$bsalbc$gISBD 912 $a990003289670203316 951 $aXXV.3.E 76$b63857 G.$cXXV.3.E$d00227546 959 $aBK 969 $aGIU 979 $aCHIARA$b90$c20090706$lUSA01$h1159 979 $aCHIARA$b90$c20090706$lUSA01$h1202 979 $aFIORELLA$b90$c20100716$lUSA01$h1006 996 $aCooperative edilizie$9247895 997 $aUNISA LEADER 01143nam--2200397---450- 001 990003211090203316 005 20090330170840.0 010 $a978-88-07-82198-1 035 $a000321109 035 $aUSA01000321109 035 $a(ALEPH)000321109USA01 035 $a000321109 100 $a20090326d2008----km-y0itay50------ba 101 $aita 102 $aIT 105 $a||||||||001yy 200 1 $aSignorina Else$fArthur Schnitzler$gtraduzione e cura di Enrico Groppali 210 $aMilano$cFeltrinelli$d2008 215 $a86 p.$d20 cm 225 2 $aUniversale economica$v2198 410 0$12001$aUniversale economica$v2198 454 1$12001$aFraulein Else$920252 461 1$1001-------$12001 606 0 $2BNCF 676 $a833.912 700 1$aSCHNITZLER,$bArthur$0320902 702 1$aGROPPALI,$bEnrico 801 0$aIT$bsalbc$gISBD 912 $a990003211090203316 951 $aVII.2.A. 1075$b208814 L.M.$cVII.2.$d00187118 959 $aBK 969 $aUMA 979 $aMARTUCCIEL$b90$c20090326$lUSA01$h1636 979 $aPATRY$b90$c20090330$lUSA01$h1708 996 $aFraülein Else$920252 997 $aUNISA